| 000 | 00938cam a2200241 i 4500 | ||
|---|---|---|---|
| 005 | 20251207082930.0 | ||
| 008 | 250721s2000 su gr 000 0 ara d | ||
| 020 | _a9960687538 | ||
| 082 | 1 | 4 |
_a214.61 _bن ح و |
| 100 | 1 |
_aالنحوي، عدنان علي _eمؤلف. |
|
| 245 | 1 | 0 |
_aعهد الله والعهد مع الله بين التفلت والإلتزام / _cالدكتور عدنان علي رضا النحوي. |
| 250 | _aالطبعة الأولى. | ||
| 264 | 3 | 1 |
_aالرياض : _bدار النحوي للنشر والتوزيع، _c2000. |
| 300 | _a199 صفحة. | ||
| 490 | 0 | _aالى لقاء المؤمنين وبناء الجيل المؤمن. | |
| 650 | 1 | 7 | _aالإيمان. |
| 650 | 1 | 7 | _aالله. |
| 650 | 1 | 7 | _aالعهد. |
| 650 | 1 | 7 | _aالإسلام. |
| 830 | 0 | _aالى لقاء المؤمنين وبناء الجيل المؤمن. | |
| 942 |
_2ddc _cBK |
||
| 999 |
_c27036 _d27036 |
||